000
00305nam a2200121Ia 4500
008
190216s9999||||xx |||||||||||||| ||und||
100
_a
Tandon B C
245
0
_a
Economic Development Of Developed Countries
260
_b
English Language Book Society
300
_a
678p
650
_a
Commerce
942
_c
BK
999
_c
4106
_d
4106